• 首页
  • 本馆介绍
  • 公告通知
  • 最新文献
  • 馆藏检索
  • 电子资源
  • 读者导购
  • 参考咨询
  • 我的图书馆
  • 登录
  • 详细信息显示
  • 放入我的书架
  • 预约/预借图书
  • 作者相关作品
  • 分类相关作品
  • 丛书相关作品
  • 出版社相关作品

书目信息

  • 表格格式
  • 工作单格式
  • 卡片格式
题名:
稳操胜券:破译人际关系的密码
    
 
作者: 任容君
分册:  
出版信息:   中国城市经济社会出版社  1990.05
页数: 196页
开本: 32开
丛书名:
单 册:
中图分类: B824.2
科图分类:
主题词: 社会--道德
电子资源:
ISBN: 7-7507-4034-1
000 00557nam0 2200181 45
001 9911301546
005 19991130154319.7
010    @a7-7507-4034-1@d2.70
100    @a19991130d1990 km y0chiy0120 ea
101    @achi
105    @a z 000yy
200 1  @a稳操胜券:破译人际关系的密码@AWen Cao Sheng Quan:Po Yi Ren Ji Guan Xi De Mi Ma@f任容君@FRen Rong Jun
210    @c中国城市经济社会出版社@d1990.05
215    @a196页@c无图表@d32开
606 0  @a社会@x道德
690    @aB824.2@v3
801    @aCN@bPerfectUser@c19991130
905    @aBZT@b45663-664@f2@dB824.2@e1
    
    稳操胜券:破译人际关系的密码/任容君.-中国城市经济社会出版社,1990.05
    196页:无图表;32开
    
    
    ISBN 7-7507-4034-1:2.70
    
●
相关链接 在五车中查询图书 在当当中查询图书 在豆瓣中查询图书


正题名:稳操胜券:破译人际关系的密码     索取号:B824.2/1         预约/预借

序号 登录号 条形码 馆藏地/架位号 状态 备注
1 45663   200387296   中心书库南/003架B面5层2列/ [索取号:B824.2/1] 在馆    
2 45664   200387312   中心书库南/003架B面5层2列/ [索取号:B824.2/1] 在馆    
山东省滨州职业学院图书馆 欢迎您!
大连网信软件有限公司© 版权所有